| 000 | 03254nam a22005415i 4500 | ||
|---|---|---|---|
| 001 | 978-3-319-72889-6 | ||
| 003 | DE-He213 | ||
| 005 | 20210118151338.0 | ||
| 007 | cr nn 008mamaa | ||
| 008 | 180111s2017 gw | s |||| 0|eng d | ||
| 020 |
_a9783319728896 _9978-3-319-72889-6 |
||
| 024 | 7 |
_a10.1007/978-3-319-72889-6 _2doi |
|
| 050 | 4 | _aQA76.9.D343 | |
| 072 | 7 |
_aUNF _2bicssc |
|
| 072 | 7 |
_aCOM021030 _2bisacsh |
|
| 072 | 7 |
_aUNF _2thema |
|
| 072 | 7 |
_aUYQE _2thema |
|
| 082 | 0 | 4 |
_a006.312 _223 |
| 100 | 1 |
_aGalbrun, Esther. _eauthor. _4aut _4http://id.loc.gov/vocabulary/relators/aut |
|
| 245 | 1 | 0 |
_aRedescription Mining _h[electronic resource] / _cby Esther Galbrun, Pauli Miettinen. |
| 250 | _a1st ed. 2017. | ||
| 264 | 1 |
_aCham : _bSpringer International Publishing : _bImprint: Springer, _c2017. |
|
| 300 |
_aXI, 80 p. 18 illus., 14 illus. in color. _bonline resource. |
||
| 336 |
_atext _btxt _2rdacontent |
||
| 337 |
_acomputer _bc _2rdamedia |
||
| 338 |
_aonline resource _bcr _2rdacarrier |
||
| 347 |
_atext file _bPDF _2rda |
||
| 490 | 1 |
_aSpringerBriefs in Computer Science, _x2191-5768 |
|
| 520 | _aThis book provides a gentle introduction to redescription mining, a versatile data mining tool that is useful to find distinct common characterizations of the same objects and, vice versa, to identify sets of objects that admit multiple shared descriptions. It is intended for readers who are familiar with basic data analysis techniques such as clustering, frequent itemset mining, and classification. Redescription mining is defined in a general way, making it applicable to different types of data. The general framework is made more concrete through many practical examples that show the versatility of redescription mining. The book also introduces the main algorithmic ideas for mining redescriptions, together with applications from various domains. The final part of the book contains variations and extensions of the basic redescription mining problem, and discusses some future directions and open questions. . | ||
| 650 | 0 | _aData mining. | |
| 650 | 1 | 4 |
_aData Mining and Knowledge Discovery. _0http://scigraph.springernature.com/things/product-market-codes/I18030 |
| 700 | 1 |
_aMiettinen, Pauli. _eauthor. _4aut _4http://id.loc.gov/vocabulary/relators/aut |
|
| 710 | 2 | _aSpringerLink (Online service) | |
| 773 | 0 | _tSpringer eBooks | |
| 776 | 0 | 8 |
_iPrinted edition: _z9783319728889 |
| 776 | 0 | 8 |
_iPrinted edition: _z9783319728902 |
| 830 | 0 |
_aSpringerBriefs in Computer Science, _x2191-5768 |
|
| 856 | 4 | 0 | _uhttps://doi.org/10.1007/978-3-319-72889-6 |
| 912 | _aZDB-2-SCS | ||
| 999 |
_c452652 _d452652 |
||
| 942 | _cEB | ||
| 506 | _aAvailable to subscribing member institutions only. Доступно лише організаціям членам підписки. | ||
| 506 | _fOnline access from local network of NaUOA. | ||
| 506 | _fOnline access with authorization at https://link.springer.com/ | ||
| 506 | _fОнлайн-доступ з локальної мережі НаУОА. | ||
| 506 | _fОнлайн доступ з авторизацією на https://link.springer.com/ | ||